| 000 | 01688cam a22001934a 4500 | ||
|---|---|---|---|
| 005 | 20250605164328.0 | ||
| 008 | 250528s ||||||||||||||||||||||||d | ||
| 035 | _a23124 | ||
| 020 | _a9608396069 | ||
| 040 |
_aGR-AtMCL _bgre _dGR-AtMCL _eAACR2 |
||
| 245 | 1 | _aΕιδική Αγωγή / Αναπτυξιακές Διαταραχές και Χρόνιες Μειονεξίες | |
| 260 | _c2004 | ||
| 300 | _a412 | ||
| 520 | _aΣτόχος του βιβλίου είναι η συγκέντρωση σε έναν τόμο κεφαλαίων που είναι διάσπαρτα σε διαφορετικά βιβλία, γιατί αφορούν διαφορετικές ειδικότητες όπως Παιδιατρική Νευρολογία, Ορθοπαιδική, Φυσική Αγωγή κ.α. Εισαγωγή, Άτομα με Ειδικές Ανάγκες, Αύξηση και Διάπλαση, Ψυχοκινητική Ανάπτυξη, Διαβαθμίσεις της Νοημοσύνης, Προβλήματα Συμπεριφοράς, Νευροαναπτυξιακές Διαταραχές της Σχολικής Ηλικίας, Νευρικό Σύστημα, Αισθητήρια Όργανα, Κινητικό Σύστημα, Ψυχικά Νοσήματα, Νοσήματα Αίματος, Νοσήματα Αναπνευστικού Συστήματος, Σακχαρώσης Διαβήτης, Καρδιακές Παθήσεις της Παιδικής Ηλικίας, Θερμοπληξία και Κρυοπληξία, Ευρετήριο. | ||
| 700 | 1 |
_aΑγγελοπούλου-Σακαντάμη Ν _98688 |
|
| 942 | _cBK | ||
| 999 |
_c8154 _d8154 |
||